[Event "GER T328-B09-S email"]
[Site "GER email"]
[Date "2021.08.18"]
[Round "?"]
[White "Fischer, Jens"]
[Black "Thau, Oliver"]
[Result "1-0"]
[WhiteElo "1903"]
[BlackElo "1779"]
[PlyCount "29"]
[EventDate "2021.08.18"]
[EventType "tourn (corr)"]
[EventRounds "8"]
[EventCountry "GER"]
[SourceTitle "Corr 2024"]
[Source "ChessBase"]
[SourceDate "2023.10.19"]
[SourceVersion "1"]
[SourceVersionDate "2023.10.19"]
[SourceQuality "1"]

1. e4 d6 2. d4 Nf6 3. Nc3 g6 4. f4 Bg7 5. Bd3 Nc6 6. e5 dxe5 7. fxe5 Nd5 8. Nf3 Be6 9. Na4 0-0 10. Nc5 Bg4 11. c3 Na5 12. Ne4 b6 13. b4 Nxc3 14. Nxc3 Qxd4 15. Nxd4 1-0

[Event "GER T328-B09-S email"]
[Site "GER email"]
[Date "2021.08.18"]
[Round "?"]
[White "Montermann, Klaus"]
[Black "Thau, Oliver"]
[Result "1/2-1/2"]
[WhiteElo "1677"]
[BlackElo "1779"]
[PlyCount "45"]
[EventDate "2021.08.18"]
[EventType "tourn (corr)"]
[EventRounds "8"]
[EventCountry "GER"]
[SourceTitle "Corr 2024"]
[Source "ChessBase"]
[SourceDate "2023.10.19"]
[SourceVersion "1"]
[SourceVersionDate "2023.10.19"]
[SourceQuality "1"]

1. e4 d6 2. d4 Nf6 3. Nc3 g6 4. f4 Bg7 5. Nf3 c5 6. Bb5+ Bd7 7. e5 Ng4 8. Bxd7+ Qxd7 9. h3 cxd4 10. Qxd4 Nc6 11. Qd3 Nh6 12. Be3 Nf5 13. 0-0-0 0-0-0 14. Rhe1 dxe5 15. Qc4 Qc7 16. Bd2 exf4 17. Bxf4 e5 18. Nxe5 Bxe5 19. Bxe5 Rxd1+ 20. Nxd1 Nxe5 21. Qxc7+ Kxc7 22. Rxe5 Rd8 23. Nf2 1/2-1/2

[Event "GER T328-B09-S email"]
[Site "GER email"]
[Date "2021.08.18"]
[Round "?"]
[White "Thau, Oliver"]
[Black "Fischer, Jens"]
[Result "1/2-1/2"]
[WhiteElo "1779"]
[BlackElo "1903"]
[PlyCount "47"]
[EventDate "2021.08.18"]
[EventType "tourn (corr)"]
[EventRounds "8"]
[EventCountry "GER"]
[SourceTitle "Corr 2024"]
[Source "ChessBase"]
[SourceDate "2023.10.19"]
[SourceVersion "1"]
[SourceVersionDate "2023.10.19"]
[SourceQuality "1"]

1. e4 d6 2. d4 Nf6 3. Nc3 g6 4. f4 Bg7 5. Nf3 c5 6. Bb5+ Bd7 7. e5 Ng4 8. h3 Bxb5 9. Nxb5 cxd4 10. Qxd4 Nc6 11. Qa4 Nh6 12. Bd2 dxe5 13. fxe5 0-0 14. 0-0-0 Nf5 15. Kb1 Qb6 16. g4 Ne3 17. Rde1 Nd5 18. c4 Nc7 19. Be3 Qa6 20. Qxa6 Nxa6 21. a3 b6 22. b4 Rac8 23. Re2 Nc7 24. Nxc7 1/2-1/2